| 000 | 01189nam a2200337 a 4500 | ||
|---|---|---|---|
| 001 | vtls003026368 | ||
| 003 | MY-SjTCS | ||
| 005 | 20200306163243.0 | ||
| 008 | 110218s2005 at 001 0 eng d | ||
| 020 | _a0409320986 (pbk.) | ||
| 020 | _a9780409320985 (pbk.) | ||
| 039 | 9 |
_a201405081559 _bpatrick _c201102181336 _dVLOAD _c200910291415 _dpushpa _c200910270812 _dmeena _y200603030906 _zshah_rol |
|
| 082 | 0 | 4 |
_a346.9402 _bCUS |
| 100 | 1 |
_aCusumano, Sam _916237 |
|
| 245 | 1 | 0 |
_aContracts / _cSam Cusumano, Leanne Wiseman, Sharon Christensen. |
| 250 | _a3rd ed. | ||
| 260 |
_aSydney : _bLexisNexis Butterworths, _cc2005. |
||
| 300 |
_axxii, 389 p. ; _c24 cm. |
||
| 490 | 1 | _aButterworths tutorial series | |
| 500 | _aPrevious ed.: 1999. | ||
| 504 | _aIncludes bibliographical references and index. | ||
| 590 | _aAustralian Degree Programme (UNISA) : LAWS1002 | ||
| 590 | _aLegal Studies : 2LEG20 | ||
| 650 | 0 |
_aContracts _zAustralia _934180 |
|
| 700 | 1 |
_aWiseman, Leanne, _d1964- _921065 |
|
| 700 | 1 |
_aChristensen, Sharon, _d1966- _9230119 |
|
| 830 | 0 |
_aButterworths tutorial series _9230120 |
|
| 920 | _aAUDP (UNISA) : 240070 | ||
| 921 | _aSAMSH : 78244 | ||
| 922 | _aSAM : 138263 | ||
| 999 | _c40540 | ||